00944nam a22002657a 45000010005000000030006000050050017000110080041000280200018000690400023000870500016001100820008001261000026001342450089001602500041002492600035002903000051003255050007003765200170003835210019005535210018005726500035005906500022006257000031006476504FISKH20250512154151.0250507b cb ||||| |||| 00| 0 eng d a9780590422710 aDLCcDLCdDLCbeng aPZ7.S9656 A a2351 aSurat, Michele Maria.10aAngel child, dragon child /cStory by Michele Maria Surat ; Pictures by Vo-Dinh Mai. aThis edition first published in 1989 aNew York :bScholastic,c1983. a35 pages :bcolor illustrations ;c20 x 23 cm. aG  aUt, a Vietnamese girl attending school in the United States, lonely for her mother left behind in Vietnam, makes a new friend who presents her with a wonderful gift.8 a420 bLexile 8 aG bRaz-Plus  1aVietnamese AmericansxFiction. 1aSchoolsxFiction.1 aVo-Dinh, Mai,dillustrator